000 00583nam a2200169 a 4500
005 20231123063602.0
008 991125s1965 mx 000 0 spa u
035 _aUPN01000004355
049 _aF
050 4 _aLB1629.5 M6
_bL6.2
100 1 _aLópez Oñate, Manuel
245 1 4 _aLas áreas como situaciones problemáticas en el plan de la educación primaria /
_cpor Manuel López Oñate.
260 _aMéxico :
_bSEP, CNTE, Grupo de Estudios de Pedagogía Comparada,
_c1965.
300 _a6 h.
650 4 _aEducación primaria
_zMéxico
_xPlanes y programas
_99975
905 _aLibro
999 _c4355
_d4355